[Event "1. Bundesliga 2013/2014"]
[Site "Jenbach, Wolfsberg, St. Veit/Glan"]
[Date "2014.03.20"]
[Round "8"]
[Board "2"]
[White "Bromberger, Stefan"]
[Black "Srienz, Christian"]
[Result "1-0"]
[WhiteElo "2500"]
[BlackElo "2280"]
[PlyCount "113"]
[EventDate "2013.12.06"]
[EventType "team"]
[EventRounds "11"]
[EventCountry "AUT"]
[WhiteTeam "SIR Bernhard Glatz"]
[BlackTeam "tschaturanga"]

1. d4 Nf6 2. c4 c5 3. d5 b5 4. cxb5 a6 5. f3 g6 6. e4 d6 7. Na3 Bg7 8. Ne2 O-O
9. Nc3 e6 10. Bc4 exd5 11. Nxd5 Nxd5 12. Bxd5 Ra7 13. b6 Qxb6 14. Nc4 Qd8 15.
Bf4 Be6 16. Bxe6 fxe6 17. Qxd6 Rd7 18. Qxe6+ Kh8 19. Bxb8 Re7 20. Qd6 Rxe4+ 21.
fxe4 Qh4+ 22. Qg3 Qxe4+ 23. Qe3 Qxc4 24. Bg3 Qa4 25. Be5 Re8 26. O-O Bxe5 27.
Qb3 Qh4 28. Qh3 Bd4+ 29. Kh1 Qxh3 30. gxh3 Bxb2 31. Rae1 Rxe1 32. Rxe1 Kg7 33.
Re6 a5 34. Rc6 Bd4 35. Kg2 Kh6 36. Rc7 Kg5 37. Kf3 h5 38. Rc6 Kh4 39. Kg2 Kg5
40. Kf3 Kh4 41. Kg2 Kg5 42. Kg3 h4+ 43. Kf3 Kf5 44. Ra6 Bc3 45. Rd6 Bb4 46.
Rd5+ Kf6 47. a4 Ke6 48. Ke4 c4 49. Rb5 Kd6 50. Kd4 c3 51. Kd3 Ke6 52. Rb6+ Kd5
53. Rxg6 Bd6 54. Kxc3 Bxh2 55. Rg5+ Be5+ 56. Kd3 Kd6 57. Rh5 1-0

[Event "1. Bundesliga 2013/2014"]
[Site "Jenbach, Wolfsberg, St. Veit/Glan"]
[Date "2014.03.20"]
[Round "8"]
[Board "3"]
[White "Sadilek, Peter"]
[Black "Mons, Leon"]
[Result "0-1"]
[WhiteElo "2240"]
[BlackElo "2418"]
[PlyCount "68"]
[EventDate "2013.12.06"]
[EventType "team"]
[EventRounds "11"]
[EventCountry "AUT"]
[WhiteTeam "tschaturanga"]
[BlackTeam "SIR Bernhard Glatz"]

1. d4 Nf6 2. c4 e6 3. Nc3 Bb4 4. e3 O-O 5. Nge2 Re8 6. a3 Bf8 7. Ng3 d5 8. Be2
b6 9. O-O Ba6 10. e4 Bxc4 11. Bxc4 dxc4 12. Bg5 h6 13. Bxf6 Qxf6 14. Qa4 Rd8
15. Rad1 Nd7 16. f4 Qe7 17. Qxc4 Nf6 18. e5 Nd5 19. Nxd5 Rxd5 20. Nf5 Qe8 21.
Ne3 Rdd8 22. Qxc7 Rac8 23. Qxa7 Qb5 24. Qb7 Qxb2 25. f5 Qxa3 26. Ng4 Qa8 27.
Qxb6 Rb8 28. Qc7 Rdc8 29. Qd7 Rb7 30. fxe6 Rxd7 31. exd7 Rd8 32. e6 fxe6 33.
Ne5 Qd5 34. Rf3 Bd6 0-1

[Event "1. Bundesliga 2013/2014"]
[Site "Jenbach, Wolfsberg, St. Veit/Glan"]
[Date "2014.03.20"]
[Round "8"]
[Board "4"]
[White "Pitl, Gregory"]
[Black "Wukits, Rene"]
[Result "1-0"]
[WhiteElo "2389"]
[BlackElo "2267"]
[PlyCount "75"]
[EventDate "2013.12.06"]
[EventType "team"]
[EventRounds "11"]
[EventCountry "AUT"]
[WhiteTeam "SIR Bernhard Glatz"]
[BlackTeam "tschaturanga"]

1. d4 Nf6 2. c4 e6 3. Nf3 c5 4. d5 exd5 5. cxd5 d6 6. Nc3 g6 7. Bf4 a6 8. a4
Bg7 9. h3 O-O 10. e3 Qe7 11. Be2 Nbd7 12. O-O Rb8 13. Re1 Ne8 14. Nd2 Ne5 15.
a5 b5 16. axb6 Rxb6 17. Ra2 Rb4 18. Bg3 f5 19. Bf1 Nc7 20. f4 Nf7 21. Nc4 Nb5
22. Qc2 Re8 23. Raa1 Nc7 24. Rad1 Bd7 25. Qf2 Bf6 26. Qc2 Qf8 27. Kh2 Bb5 28.
b3 Bd7 29. Na5 Qg7 30. Na2 Rbe4 31. Bf2 Bb5 32. b4 g5 33. g3 h5 34. Bg2 h4 35.
gxh4 g4 36. Bxe4 Rxe4 37. hxg4 Nh6 38. Rg1 1-0

[Event "1. Bundesliga 2013/2014"]
[Site "Jenbach, Wolfsberg, St. Veit/Glan"]
[Date "2014.03.20"]
[Round "8"]
[Board "5"]
[White "Leitner, Gerald"]
[Black "Tischbierek, Raj"]
[Result "0-1"]
[WhiteElo "2199"]
[BlackElo "2431"]
[PlyCount "88"]
[EventDate "2013.12.06"]
[EventType "team"]
[EventRounds "11"]
[EventCountry "AUT"]
[WhiteTeam "tschaturanga"]
[BlackTeam "SIR Bernhard Glatz"]

1. c4 e6 2. d4 Nf6 3. Nf3 d5 4. Nc3 Nbd7 5. cxd5 exd5 6. Bf4 c6 7. e3 Be7 8.
Bd3 O-O 9. h3 Re8 10. Qc2 Nf8 11. g4 Be6 12. O-O-O b5 13. Kb1 a5 14. Rc1 Rc8
15. Ne5 N6d7 16. Nxd7 Qxd7 17. f3 a4 18. h4 a3 19. b3 Bd6 20. h5 Bxf4 21. exf4
Qd6 22. Ne2 Bd7 23. f5 Re3 24. f4 Rce8 25. Rcf1 h6 26. g5 Bxf5 27. Bxf5 Rxe2
28. Qc1 Rb2+ 29. Ka1 Ree2 30. Bb1 Qb4 31. Rd1 Rbd2 32. Rxd2 Rxd2 33. Rh3 Qxd4+
34. Qc3 Ne6 35. gxh6 gxh6 36. f5 b4 37. Qxd4 Nxd4 38. f6 Kf8 39. Rg3 Nc2+ 40.
Bxc2 Rxc2 41. Kb1 Rb2+ 42. Kc1 Rxa2 43. Rg4 c5 44. Rf4 Rh2 0-1

[Event "1. Bundesliga 2013/2014"]
[Site "Jenbach, Wolfsberg, St. Veit/Glan"]
[Date "2014.03.20"]
[Round "8"]
[Board "6"]
[White "Seyb, Alexander"]
[Black "Lenz, Alarich"]
[Result "1-0"]
[WhiteElo "2367"]
[BlackElo "2188"]
[PlyCount "83"]
[EventDate "2013.12.06"]
[EventType "team"]
[EventRounds "11"]
[EventCountry "AUT"]
[WhiteTeam "SIR Bernhard Glatz"]
[BlackTeam "tschaturanga"]

1. e4 e6 2. d4 d5 3. Nc3 Bb4 4. e5 c5 5. a3 Bxc3+ 6. bxc3 Nc6 7. Qg4 g6 8. a4
f5 9. Qf4 Qa5 10. Bd2 c4 11. Ne2 Bd7 12. Qg3 O-O-O 13. h4 Nge7 14. h5 Rdg8 15.
hxg6 hxg6 16. Rxh8 Rxh8 17. Qg5 Qd8 18. f3 Qg8 19. Ng3 Qh7 20. Kf2 Qh4 21. Qxh4
Rxh4 22. Bg5 Rh7 23. Ne2 Be8 24. Nf4 Kd7 25. g4 Nd8 26. Bg2 Nec6 27. Bf6 b6 28.
Kg3 Nb7 29. Nh3 Rf7 30. Ng5 Rf8 31. Rh1 Ncd8 32. Rh7+ Bf7 33. Rg7 Rg8 34. Rh7
Rf8 35. Kf4 Kc6 36. Ke3 b5 37. axb5+ Kxb5 38. Be7 Re8 39. Nxf7 Rxe7 40. Nd6+
Nxd6 41. Rxe7 N6b7 42. Kd2 1-0

[Event "1. Bundesliga 2013/2014"]
[Site "Jenbach, Wolfsberg, St. Veit/Glan"]
[Date "2014.03.20"]
[Round "8"]
[Board "1"]
[White "Babula, Vlastimil"]
[Black "Lenic, Luka"]
[Result "1/2-1/2"]
[WhiteElo "2566"]
[BlackElo "2654"]
[PlyCount "54"]
[EventDate "2013.12.06"]
[EventType "team"]
[EventRounds "11"]
[EventCountry "AUT"]
[WhiteTeam "Union Ansfelden"]
[BlackTeam "SV Raika Rapid Feffernitz"]

1. d4 Nf6 2. c4 e6 3. Nc3 Bb4 4. e3 O-O 5. Bd3 d5 6. Nf3 c5 7. O-O Nc6 8. cxd5
exd5 9. dxc5 Bxc5 10. h3 a6 11. b3 Qe7 12. Bb2 Rd8 13. Rc1 Be6 14. Ne2 Bd6 15.
Bb1 Re8 16. Ned4 Bd7 17. Nxc6 bxc6 18. Qd4 Qf8 19. Ng5 h6 20. Qd3 Qe7 21. Nf3
Ne4 22. Rfd1 Qe6 23. Qd4 Qg6 24. Nh4 Qg5 25. Nf3 Qg6 26. Nh4 Qg5 27. Nf3 Qg6
 1/2-1/2

[Event "1. Bundesliga 2013/2014"]
[Site "Jenbach, Wolfsberg, St. Veit/Glan"]
[Date "2014.03.20"]
[Round "8"]
[Board "2"]
[White "Borisek, Jure"]
[Black "Weiss, Christian"]
[Result "1-0"]
[WhiteElo "2567"]
[BlackElo "2386"]
[PlyCount "71"]
[EventDate "2013.12.06"]
[EventType "team"]
[EventRounds "11"]
[EventCountry "AUT"]
[WhiteTeam "SV Raika Rapid Feffernitz"]
[BlackTeam "Union Ansfelden"]

1. e4 c5 2. Nf3 e6 3. d4 cxd4 4. Nxd4 a6 5. c4 Nf6 6. Nc3 Qc7 7. a3 b6 8. Be3
d6 9. Be2 Bb7 10. f3 Nbd7 11. Rc1 Be7 12. O-O O-O 13. b4 Rac8 14. Qd2 Qb8 15.
Rc2 Bd8 16. Kh1 Ne5 17. Na4 Qa8 18. Rfc1 Nxe4 19. fxe4 Bxe4 20. Nf3 Nxf3 21.
gxf3 Bxc2 22. Rxc2 b5 23. Nb6 Bxb6 24. Bxb6 Qc6 25. c5 dxc5 26. bxc5 e5 27. Qe3
Qe6 28. Bd3 Qh3 29. Rg2 Rce8 30. Be4 g6 31. c6 Qe6 32. Rd2 Rc8 33. c7 Qe7 34.
Qc3 Qf6 35. Ba5 Rfe8 36. Bb7 1-0

[Event "1. Bundesliga 2013/2014"]
[Site "Jenbach, Wolfsberg, St. Veit/Glan"]
[Date "2014.03.20"]
[Round "8"]
[Board "3"]
[White "Knoll, Hermann"]
[Black "Sebenik, Matej"]
[Result "1-0"]
[WhiteElo "2302"]
[BlackElo "2497"]
[PlyCount "121"]
[EventDate "2013.12.06"]
[EventType "team"]
[EventRounds "11"]
[EventCountry "AUT"]
[WhiteTeam "Union Ansfelden"]
[BlackTeam "SV Raika Rapid Feffernitz"]

1. e4 c5 2. Nf3 Nc6 3. Bb5 e6 4. Bxc6 bxc6 5. O-O Ne7 6. b3 d6 7. Bb2 Ng6 8. e5
f6 9. exd6 e5 10. Nc3 Bxd6 11. Ne4 Be7 12. Qe2 Nf4 13. Qc4 Be6 14. Qa4 O-O 15.
Qxc6 Bd5 16. Qa4 Qc8 17. Ne1 Bc6 18. Qc4+ Bd5 19. Qa4 Kh8 20. f3 Rb8 21. d3 c4
22. dxc4 Bxe4 23. fxe4 Qc5+ 24. Kh1 Qe3 25. Nd3 Nxd3 26. cxd3 Qxd3 27. Qxa7 Bb4
28. Qf2 Qxe4 29. Qf3 Qc2 30. Rf2 Qg6 31. Rd1 Rfe8 32. g3 Bc5 33. Rfd2 e4 34.
Qe2 e3 35. Rd5 Bb6 36. c5 Ba5 37. R1d4 Bd2 38. Rd3 Qe4+ 39. Kg1 Rbc8 40. a3 h6
41. b4 Qg6 42. b5 Re4 43. b6 Rg4 44. Kg2 Qe4+ 45. Kh3 Rg5 46. b7 Rg8 47. Rxg5
fxg5 48. Rd6 Kh7 49. c6 g4+ 50. Qxg4 Qb1 51. Rxh6+ Kxh6 52. b8=Q Qf1+ 53. Kh4
g5+ 54. Qxg5+ Rxg5 55. Qh8+ Kg6 56. Qg7+ Kf5 57. Qf6+ Ke4 58. Qxf1 Rc5 59. Kg4
Rg5+ 60. Kh3 Rc5 61. c7 1-0

[Event "1. Bundesliga 2013/2014"]
[Site "Jenbach, Wolfsberg, St. Veit/Glan"]
[Date "2014.03.20"]
[Round "8"]
[Board "4"]
[White "Diermair, Andreas"]
[Black "Moser, Guenter"]
[Result "1-0"]
[WhiteElo "2456"]
[BlackElo "2349"]
[PlyCount "91"]
[EventDate "2013.12.06"]
[EventType "team"]
[EventRounds "11"]
[EventCountry "AUT"]
[WhiteTeam "SV Raika Rapid Feffernitz"]
[BlackTeam "Union Ansfelden"]

1. d4 f5 2. Bg5 g6 3. Nc3 Bg7 4. e4 fxe4 5. Nxe4 Nf6 6. Nc3 c6 7. Qd2 Qa5 8.
Nf3 d6 9. Bd3 Bg4 10. Nh4 Nbd7 11. h3 Be6 12. O-O O-O-O 13. Rfe1 Nf8 14. Re2
Re8 15. Rae1 Kd7 16. b4 Qb6 17. b5 Qa5 18. bxc6+ bxc6 19. Rb1 Rc8 20. Rb7+ Kd8
21. Nf3 h6 22. Bf4 Rc7 23. Rb8+ Bc8 24. Qe1 N6d7 25. Rxe7 Ne5 26. Nxe5 dxe5 27.
Rxg7 exf4 28. Rxc7 Qxc7 29. Rb1 Rh7 30. d5 a6 31. dxc6 Qxc6 32. Qd2 Nd7 33. Be4
Qc5 34. Nd5 Qd6 35. Qxf4 Qxf4 36. Nxf4 Rf7 37. Nxg6 Nc5 38. Rd1+ Kc7 39. Bd5
Rf6 40. Ne5 Rb6 41. Bb3 Rb5 42. Nc4 Ne4 43. Re1 Bb7 44. f3 Ng3 45. Re7+ Kd8 46.
Rh7 1-0

[Event "1. Bundesliga 2013/2014"]
[Site "Jenbach, Wolfsberg, St. Veit/Glan"]
[Date "2014.03.20"]
[Round "8"]
[Board "5"]
[White "Felsberger, Alfred"]
[Black "Schreiner, Peter"]
[Result "0-1"]
[WhiteElo "2352"]
[BlackElo "2455"]
[PlyCount "102"]
[EventDate "2013.12.06"]
[EventType "team"]
[EventRounds "11"]
[EventCountry "AUT"]
[WhiteTeam "Union Ansfelden"]
[BlackTeam "SV Raika Rapid Feffernitz"]

1. e4 e5 2. Nf3 Nc6 3. Bb5 a6 4. Ba4 Nf6 5. O-O Be7 6. Re1 b5 7. Bb3 d6 8. c3
O-O 9. h3 Na5 10. Bc2 d5 11. exd5 e4 12. Bxe4 Nxe4 13. Rxe4 Bb7 14. d4 Bxd5 15.
Re1 Bd6 16. Nbd2 Re8 17. Rxe8+ Qxe8 18. b3 Rd8 19. Qf1 Qe6 20. Bb2 Qg6 21. Qb1
Qe6 22. Qd3 f6 23. Re1 Qf7 24. Ne4 Bf8 25. Bc1 Nb7 26. Bf4 c5 27. Ned2 cxd4 28.
cxd4 Na5 29. Rc1 Nc6 30. Qe3 Re8 31. Qd3 Nb4 32. Qb1 Qg6 33. a3 Bxf3 34. Qxg6
hxg6 35. axb4 Bd5 36. Nf1 Bxb4 37. Ne3 Bf7 38. d5 Rd8 39. Rd1 a5 40. Rd3 Rd7
41. d6 g5 42. Bg3 Kf8 43. Kf1 Ke8 44. Ke2 Rb7 45. Nc2 Bc5 46. Rc3 Bb6 47. Kd1
Kd7 48. Kc1 Rb8 49. Kd2 b4 50. Rd3 Bg6 51. Rd5 Be4 0-1

[Event "1. Bundesliga 2013/2014"]
[Site "Jenbach, Wolfsberg, St. Veit/Glan"]
[Date "2014.03.20"]
[Round "8"]
[Board "6"]
[White "Petschar, Kurt"]
[Black "Ennsberger, Ulrich"]
[Result "1/2-1/2"]
[WhiteElo "2303"]
[BlackElo "2339"]
[PlyCount "60"]
[EventDate "2013.12.06"]
[EventType "team"]
[EventRounds "11"]
[EventCountry "AUT"]
[WhiteTeam "SV Raika Rapid Feffernitz"]
[BlackTeam "Union Ansfelden"]

1. e4 c5 2. Nf3 d6 3. c4 Nf6 4. Nc3 e5 5. g3 Nc6 6. Bg2 a6 7. d3 Rb8 8. a4 Be7
9. O-O O-O 10. h3 Ne8 11. Nd5 Be6 12. Bd2 b5 13. axb5 axb5 14. b3 Nc7 15. Kh2
Bd7 16. Qe2 bxc4 17. bxc4 Nxd5 18. exd5 Nb4 19. Rfb1 Qc7 20. Bc3 Bf5 21. Ne1
Rb7 22. Be4 Bd7 23. Nc2 Nxc2 24. Qxc2 f5 25. Bf3 Rxb1 26. Rxb1 Rb8 27. Rxb8+
Qxb8 28. Qa2 Bd8 29. Kg2 Bf6 30. Bd1 Qb7 1/2-1/2

[Event "1. Bundesliga 2013/2014"]
[Site "Jenbach, Wolfsberg, St. Veit/Glan"]
[Date "2014.03.20"]
[Round "8"]
[Board "1"]
[White "Luther, Thomas"]
[Black "Melkumyan, Hrant"]
[Result "1/2-1/2"]
[WhiteElo "2571"]
[BlackElo "2613"]
[PlyCount "42"]
[EventDate "2013.12.06"]
[EventType "team"]
[EventRounds "11"]
[EventCountry "AUT"]
[WhiteTeam "SK Absam"]
[BlackTeam "ASVOE Wulkaprodersdorf"]

1. e4 e5 2. Nf3 Nc6 3. Bb5 Nf6 4. O-O Nxe4 5. Re1 Nd6 6. Nxe5 Be7 7. Bf1 Nf5 8.
Nf3 O-O 9. d4 d5 10. Bf4 Nh4 11. Nxh4 Bxh4 12. c3 Ne7 13. Qh5 Ng6 14. Bg3 c6
15. Nd2 Qg5 16. Qxg5 Bxg5 17. Nf3 Bf6 18. Bd6 Rd8 19. Bc7 Rf8 20. Bd6 Rd8 21.
Bc7 Rf8 1/2-1/2

[Event "1. Bundesliga 2013/2014"]
[Site "Jenbach, Wolfsberg, St. Veit/Glan"]
[Date "2014.03.20"]
[Round "8"]
[Board "2"]
[White "Antoniewski, Rafal"]
[Black "Dizdar, Goran"]
[Result "1/2-1/2"]
[WhiteElo "2553"]
[BlackElo "2514"]
[PlyCount "62"]
[EventDate "2013.12.06"]
[EventType "team"]
[EventRounds "11"]
[EventCountry "AUT"]
[WhiteTeam "ASVOE Wulkaprodersdorf"]
[BlackTeam "SK Absam"]

1. e4 e6 2. d4 d5 3. Nd2 c5 4. Ngf3 a6 5. dxc5 Bxc5 6. Bd3 Nc6 7. O-O Nf6 8.
exd5 exd5 9. Nb3 Bb6 10. Re1+ Be6 11. Be3 O-O 12. h3 Re8 13. c3 Bd7 14. Bxb6
Rxe1+ 15. Qxe1 Qxb6 16. Qd2 Re8 17. Re1 Rxe1+ 18. Qxe1 a5 19. Qe2 g6 20. Nbd4
Nxd4 21. Nxd4 Ne4 22. Bxe4 dxe4 23. b3 Qc5 24. Qd2 b6 25. Nc2 Be6 26. Qd8+ Kg7
27. c4 Bc8 28. Nd4 Qa3 29. Qxc8 Qc1+ 30. Kh2 Qf4+ 31. Kg1 Qc1+ 1/2-1/2

[Event "1. Bundesliga 2013/2014"]
[Site "Jenbach, Wolfsberg, St. Veit/Glan"]
[Date "2014.03.20"]
[Round "8"]
[Board "3"]
[White "Rotstein, Arkadij"]
[Black "Maksimenko, Andrei"]
[Result "0-1"]
[WhiteElo "2501"]
[BlackElo "2535"]
[PlyCount "102"]
[EventDate "2013.12.06"]
[EventType "team"]
[EventRounds "11"]
[EventCountry "AUT"]
[WhiteTeam "SK Absam"]
[BlackTeam "ASVOE Wulkaprodersdorf"]

1. Nf3 c5 2. g3 Nc6 3. Bg2 g6 4. e4 Bg7 5. d3 d6 6. O-O e5 7. Nc3 Nge7 8. Nd2
h5 9. Nc4 Nd4 10. f4 h4 11. fxe5 dxe5 12. gxh4 Rxh4 13. Qe1 Rh5 14. Qf2 Be6 15.
a4 Qd7 16. Nb5 Kf8 17. Be3 b6 18. Nxd4 cxd4 19. Bd2 Kg8 20. Qg3 Nc6 21. b3 Qe7
22. Rf2 Bf6 23. Qf3 Bh4 24. Rff1 Kg7 25. c3 Rah8 26. b4 Bg5 27. Bxg5 Qxg5 28.
b5 Nd8 29. Qg3 Bxc4 30. dxc4 dxc3 31. c5 Ne6 32. c6 Qh6 33. Qxc3 Rg5 34. h3 Qh4
35. Kh1 Nd4 36. c7 Rc8 37. Qc4 Ne6 38. Rac1 Qg3 39. Qa2 Nf4 40. Rc2 Rh5 41.
Rxf4 Qxf4 42. Qd5 Qg4 43. Rc3 Qe2 44. Qc6 Qa2 45. Kh2 Rg5 46. Rc2 Qb3 47. Kh1
Rg3 48. Kh2 Rg5 49. Kh1 Rg3 50. Kh2 Rd3 51. Bf1 Rd6 0-1

[Event "1. Bundesliga 2013/2014"]
[Site "Jenbach, Wolfsberg, St. Veit/Glan"]
[Date "2014.03.20"]
[Round "8"]
[Board "4"]
[White "Schneider, Ilja"]
[Black "Wegerle, Joerg"]
[Result "1-0"]
[WhiteElo "2486"]
[BlackElo "2424"]
[PlyCount "103"]
[EventDate "2013.12.06"]
[EventType "team"]
[EventRounds "11"]
[EventCountry "AUT"]
[WhiteTeam "ASVOE Wulkaprodersdorf"]
[BlackTeam "SK Absam"]

1. d4 e6 2. c4 Nf6 3. g3 Bb4+ 4. Bd2 Qe7 5. Nf3 O-O 6. Bg2 Nc6 7. Nc3 Bxc3 8.
Bxc3 Ne4 9. Rc1 Nxc3 10. Rxc3 d6 11. d5 Nb8 12. dxe6 fxe6 13. Nd4 Kh8 14. O-O
e5 15. Nc2 Nc6 16. Qd2 Be6 17. b4 Rab8 18. c5 Rfd8 19. cxd6 cxd6 20. b5 Na5 21.
Ne3 Qd7 22. Bd5 Bh3 23. Rb1 b6 24. f3 Bf5 25. Rbc1 Bg6 26. Rc7 Qxb5 27. Rxa7
Rbc8 28. Rac7 Rxc7 29. Rxc7 Qb1+ 30. Kf2 h6 31. a3 Qa1 32. Qb4 Qd4 33. Qxd4
exd4 34. Ng2 Bf5 35. Nf4 g5 36. g4 Bd7 37. Nh5 Be8 38. Nf6 Bg6 39. Be4 Rf8 40.
Nd7 Rg8 41. Bd5 Re8 42. Nxb6 d3 43. exd3 Bxd3 44. Rc8 Rxc8 45. Nxc8 Bc4 46. Ba8
d5 47. Ne7 d4 48. Nf5 d3 49. Ke3 Ba6 50. Bd5 Kh7 51. Nd6 h5 52. Be4+ 1-0

[Event "1. Bundesliga 2013/2014"]
[Site "Jenbach, Wolfsberg, St. Veit/Glan"]
[Date "2014.03.20"]
[Round "8"]
[Board "5"]
[White "Deglmann, Ludwig"]
[Black "Antal, Gergely"]
[Result "0-1"]
[WhiteElo "2370"]
[BlackElo "2516"]
[PlyCount "80"]
[EventDate "2013.12.06"]
[EventType "team"]
[EventRounds "11"]
[EventCountry "AUT"]
[WhiteTeam "SK Absam"]
[BlackTeam "ASVOE Wulkaprodersdorf"]

1. d4 Nf6 2. c4 g6 3. Nc3 d5 4. Nf3 Bg7 5. Qb3 dxc4 6. Qxc4 O-O 7. e4 Nc6 8.
Be2 Bg4 9. d5 Na5 10. Qb4 Bxf3 11. Bxf3 c6 12. O-O Rc8 13. Rd1 c5 14. Qa4 a6
15. d6 e5 16. d7 Ra8 17. b4 cxb4 18. Qxb4 b5 19. a4 Nc6 20. Qd6 Nd4 21. axb5
Ra7 22. Be3 Rxd7 23. Qxa6 Rd6 24. Qa3 Qb8 25. Rab1 Re8 26. Qb2 h5 27. Be2 Nd7
28. Nd5 Nc5 29. f3 Na4 30. Qa2 Rxd5 31. Bxd4 Rxd4 32. Rxd4 Nc3 33. Qa6 Nxe2+
34. Kf1 Nxd4 35. b6 Ne6 36. b7 Nc5 37. Qc6 Nxb7 38. Rxb7 Qa8 39. Qd5 Qa6+ 40.
Kf2 Qe6 0-1

[Event "1. Bundesliga 2013/2014"]
[Site "Jenbach, Wolfsberg, St. Veit/Glan"]
[Date "2014.03.20"]
[Round "8"]
[Board "6"]
[White "Thiede, Lars"]
[Black "Pilz, Dieter"]
[Result "1-0"]
[WhiteElo "2448"]
[BlackElo "2269"]
[PlyCount "79"]
[EventDate "2013.12.06"]
[EventType "team"]
[EventRounds "11"]
[EventCountry "AUT"]
[WhiteTeam "ASVOE Wulkaprodersdorf"]
[BlackTeam "SK Absam"]

1. c4 e5 2. g3 Nc6 3. Bg2 Nf6 4. Nf3 Bc5 5. O-O d6 6. Nc3 a5 7. d3 h6 8. e3 O-O
9. h3 Re8 10. b3 Bf5 11. Bb2 Bxd3 12. Qxd3 e4 13. Qd1 exf3 14. Bxf3 Qe7 15. Kh2
Rad8 16. Bg2 Ne5 17. Nd5 Nxd5 18. cxd5 Nd7 19. Rc1 b5 20. a3 b4 21. a4 Rf8 22.
e4 Rde8 23. f4 Bb6 24. Qf3 f5 25. Rce1 fxe4 26. Qd1 e3 27. Bf3 Nf6 28. Qd3 Ne4
29. Bh5 Nd2 30. Rg1 Qd7 31. Re2 Re7 32. Rge1 Rf5 33. Bg4 g6 34. Rxd2 exd2 35.
Qxd2 Qe8 36. Rxe7 Qxe7 37. Bxf5 gxf5 38. Ba1 Qe3 39. Qxe3 Bxe3 40. Kg2 {Flag!!}
 1-0

[Event "1. Bundesliga 2013/2014"]
[Site "Jenbach, Wolfsberg, St. Veit/Glan"]
[Date "2014.03.20"]
[Round "8"]
[Board "2"]
[White "Bauer, Christian"]
[Black "Braun, Arik"]
[Result "1/2-1/2"]
[WhiteElo "2627"]
[BlackElo "2562"]
[PlyCount "64"]
[EventDate "2013.12.06"]
[EventType "team"]
[EventRounds "11"]
[EventCountry "AUT"]
[WhiteTeam "Schachklub Sparkasse Jenbach"]
[BlackTeam "SK Hohenems"]

1. Nf3 Nf6 2. g3 d5 3. Bg2 c6 4. O-O Bf5 5. d3 e6 6. c4 Be7 7. cxd5 cxd5 8. Qb3
Qb6 9. Qxb6 axb6 10. Nc3 Nc6 11. h3 h6 12. Bf4 O-O 13. Nb5 Nd7 14. Bd6 Bg6 15.
Bxe7 Nxe7 16. Rfc1 Rfc8 17. b4 Rxc1+ 18. Rxc1 Rc8 19. Rxc8+ Nxc8 20. Nfd4 Kf8
21. f4 Ke7 22. e4 Nd6 23. exd5 Nxb5 24. Nxb5 Bxd3 25. dxe6 Bxb5 26. exd7 Bxd7
27. Kf2 Kd6 28. Ke3 Be6 29. a3 Bd5 30. Bf1 Bc6 31. Kd4 b5 32. Bd3 b6 1/2-1/2

[Event "1. Bundesliga 2013/2014"]
[Site "Jenbach, Wolfsberg, St. Veit/Glan"]
[Date "2014.03.20"]
[Round "8"]
[Board "3"]
[White "Bindrich, Falko"]
[Black "Schlosser, Philipp"]
[Result "1-0"]
[WhiteElo "2591"]
[BlackElo "2612"]
[PlyCount "65"]
[EventDate "2013.12.06"]
[EventType "team"]
[EventRounds "11"]
[EventCountry "AUT"]
[WhiteTeam "SK Hohenems"]
[BlackTeam "Schachklub Sparkasse Jenbach"]

1. d4 Nf6 2. c4 e6 3. g3 Bb4+ 4. Bd2 a5 5. Bg2 O-O 6. Nf3 b6 7. O-O Ba6 8. Qc2
d5 9. Ne5 c6 10. Rd1 Nfd7 11. Nd3 Bxc4 12. Nxb4 axb4 13. Bxb4 c5 14. Ba3 Nc6
15. e3 Qf6 16. Nd2 Ba6 17. dxc5 Rfc8 18. Nb3 Nce5 19. e4 Nf3+ 20. Kh1 Nde5 21.
h3 Bb7 22. exd5 Bxd5 23. Qe2 Qf5 24. Rxd5 exd5 25. cxb6 Rab8 26. Bc5 h5 27. Rd1
Qe4 28. Qe3 Qxe3 29. Bxe3 Rc2 30. Rb1 d4 31. Nxd4 Nxd4 32. Bxd4 Nc4 33. b7 1-0

[Event "1. Bundesliga 2013/2014"]
[Site "Jenbach, Wolfsberg, St. Veit/Glan"]
[Date "2014.03.20"]
[Round "8"]
[Board "4"]
[White "Acs, Peter"]
[Black "Breder, Dennis"]
[Result "0-1"]
[WhiteElo "2576"]
[BlackElo "2478"]
[PlyCount "166"]
[EventDate "2013.12.06"]
[EventType "team"]
[EventRounds "11"]
[EventCountry "AUT"]
[WhiteTeam "Schachklub Sparkasse Jenbach"]
[BlackTeam "SK Hohenems"]

1. e4 c5 2. c3 d5 3. exd5 Qxd5 4. d4 Nc6 5. Nf3 Nf6 6. Be2 cxd4 7. cxd4 e6 8.
Nc3 Qd6 9. O-O Be7 10. Be3 O-O 11. Rc1 Rd8 12. a3 b6 13. Bc4 Bb7 14. Qe2 Rac8
15. Rfd1 Qb8 16. Ba2 h6 17. h3 Bf8 18. Bb1 Ne7 19. Ne5 Qa8 20. f3 Nfd5 21. Qd3
g6 22. Qd2 Nxe3 23. Qxe3 Nf5 24. Bxf5 exf5 25. Ne2 Re8 26. Nf4 Rxc1 27. Rxc1
Qd8 28. Kh1 Bg7 29. Qc3 Qd6 30. Qc7 Bxe5 31. dxe5 Qxe5 32. Qxe5 Rxe5 33. Rc7
Ba6 34. Rxa7 Bc4 35. Rc7 b5 36. a4 g5 37. Nh5 Re1+ 38. Kh2 Rb1 39. a5 Rxb2 40.
a6 Ra2 41. a7 Kh7 42. Nf6+ Kg6 43. Nd7 Bd5 44. Kg1 Ra6 45. Nc5 Ra1+ 46. Kf2 b4
47. Rd7 Be6 48. Rb7 b3 49. Ke3 b2 50. Rxb2 Rxa7 51. Kd4 Kf6 52. Nd3 Rd7+ 53.
Kc3 f4 54. Nc5 Rd1 55. Ne4+ Kg6 56. Nf2 Ra1 57. Kd4 Re1 58. Ne4 Rd1+ 59. Rd2
Rxd2+ 60. Nxd2 Bc8 61. h4 Ba6 62. hxg5 hxg5 63. Ne4 f5 64. Nd2 Kf6 65. Kd5 g4
66. fxg4 Bb7+ 67. Kd4 fxg4 68. g3 Kg5 69. gxf4+ Kxf4 70. Nf1 Ba6 71. Ne3 g3 72.
Ng2+ Kf3 73. Nh4+ Kg4 74. Ng2 Bf1 75. Ne3+ Kf4 76. Nd5+ Kf3 77. Ne3 Bh3 78. Kd3
Bd7 79. Kd4 Bc8 80. Kd3 Bb7 81. Kd4 Be4 82. Nf1 g2 83. Nd2+ Kg4 0-1

[Event "1. Bundesliga 2013/2014"]
[Site "Jenbach, Wolfsberg, St. Veit/Glan"]
[Date "2014.03.20"]
[Round "8"]
[Board "5"]
[White "Atlas, Valery"]
[Black "Boensch, Uwe"]
[Result "1/2-1/2"]
[WhiteElo "2444"]
[BlackElo "2544"]
[PlyCount "97"]
[EventDate "2013.12.06"]
[EventType "team"]
[EventRounds "11"]
[EventCountry "AUT"]
[WhiteTeam "SK Hohenems"]
[BlackTeam "Schachklub Sparkasse Jenbach"]

1. e4 c5 2. Nf3 e6 3. d4 cxd4 4. Nxd4 Nc6 5. Nc3 Qc7 6. g3 a6 7. Bg2 Nf6 8. O-O
Be7 9. a4 O-O 10. Nce2 Nxd4 11. Nxd4 d5 12. exd5 Nxd5 13. Qe2 Bf6 14. Nb3 Bd7
15. c3 b5 16. a5 Rfc8 17. Nd2 Rab8 18. Re1 g6 19. h4 Bg7 20. h5 b4 21. c4 Nf6
22. hxg6 hxg6 23. Nf3 Qxc4 24. Qxc4 Rxc4 25. Bf4 Rd8 26. Bf1 Rc5 27. Be3 Rh5
28. Bb6 Ra8 29. Ne5 Bc8 30. Bg2 Nd5 31. Nc4 Bd7 32. Bf3 Rf5 33. Be4 Rg5 34.
Rad1 Ba4 35. Rd2 Rb8 36. Ba7 Rc8 37. Nb6 Rc7 38. Bb8 Rb7 39. Bf4 Nxf4 40. Bxb7
Bb5 41. Be4 f5 42. Bf3 e5 43. Bd5+ Kh7 44. Bc4 Bc6 45. Bd5 Bb5 46. Bc4 Bc6 47.
Bd5 Bb5 48. Bc4 Bc6 49. Bd5 1/2-1/2